| 000 | 01007nac a22003017a 4500 | ||
|---|---|---|---|
| 001 | BR8602475 | ||
| 003 | BR-BrBNA | ||
| 005 | 20240105120421.0 | ||
| 008 | 230509b bl.|||m| |||| 00| 0 por d | ||
| 040 |
_aBR-BrBNA _bpor _cBiblioteca Nacional de Agricultura |
||
| 072 | _aF30 | ||
| 090 | _a3290 BR8602475 | ||
| 100 | 1 | _aDrumond, M.A. | |
| 100 | 1 | _aPires, I.E. | |
| 110 | 1 | _aCentro de Pesquisa Agropecuaria do Tropico Semi-Arido, Petrolina, PE (Brasil) | |
| 245 | 1 | _aComportamento do genero Hymenaea aos cinco anos de idade em Petrolina, Pernambuco [Jatoba] | |
| 260 | 3 |
_aPetrolina, PE (Brasil): _c1986. |
|
| 300 | _a2 p. | ||
| 490 |
_aPesquisa em Andamento - Centro de Pesquisa Agropecuaria do Tropico Semi-Arido (Brazil) _vno. 46 _xISSN 0100-6118 |
||
| 650 | _aJATOBA | ||
| 650 | _aVARIEDADE | ||
| 650 | _aCOMPORTAMENTO DE VARIEDADE | ||
| 650 | _aCRESCIMENTO | ||
| 650 | _aPETROLINA | ||
| 650 | _aPERNAMBUCO | ||
| 909 |
_a202312 _bLúcia Elande _c55 _dLúcia Elande |
||
| 942 |
_2AGRIS _n0 _cMS |
||
| 999 |
_c279328 _d279328 |
||